LEADER 01435nam a2200301 u 4500 001 000000045563 003 CaOOAMICUS 005 20070226114657.0 008 990607s1989 it u000 u ita u 020 $a8838413622 035 $a10825706 040 $aPUL(R)$bita 100 1 $aConcetti, Gino,$cO.F.M.$0(OLS)http://pul/name/8981 245 10$aChiesa e politica :$braccolta di documenti pontifici, pronunciamenti delle Conferenze Episcopali, interventi dei partiti politici, proposta d'analisi /$cGino Concetti. 260 $aCasale Monferrato :$bPiemme,$cc1989. 300 $a303 p. ;$c24 cm 500 $aContiene indici. 504 $aComprende indicazioni bibliografiche. 650 4$aChiesa e questioni sociali.$0(OLS)http://pul/subject/1339 650 4$aDottrina sociale della Chiesa.$0(OLS)http://pul/subject/33229 850 $aPUL 852 $aPUL$W1$xDP1 Cons. Gen., Altre Classi 1$y22$m43 G 42$j61200$nBK-PRI$b $qStampati$B61200$CPULBib$Z2$F61200 $H $81 941 1 $a8 960 $aDottrina sociale cristiana$933229 961 $aINV: 61431 996 $6020$a8838413622$9(OLS)http://pul/number/56802 996 $6245$aChiesa e politica :$braccolta di documenti pontifici, pronunciamenti delle Conferenze Episcopali, interventi dei partiti politici, proposta d'analisi$9(OLS)http://pul/title/61436 996 $6260$aCasale Monferrato :$bPiemme$9(OLS)http://pul/publisher/51813 LEADER 01295nam a2200325 a 4500 001 000000137775 003 CaOOAMICUS 005 20160928174727.0 008 140314s2013 it u000 u ita r 020 $a978-88-348-8888-9 032 $aLibriCat 040 $aPUL$bita 082 04$a342.45 100 1 $aBarberini, Giovanni,$csacerdote,$d1932-2021.$0(OLS)http://pul/name/33189 245 00$aDiritto ecclesiastico /$cGiovanni Barberini, Marco Canonico. 260 $aTorino :$bGiappichelli,$cİ2013. 300 $aVIII, 405 p. ;$c24 cm 504 $aInclude riferimenti bibliografici. 650 4$aDiritto ecclesiastico.$0(OLS)http://pul/subject/6 700 1 $aCanonico, Marco,$d1963-$0(OLS)http://pul/name/28577 850 $aPUL 852 $aPUL$W1$xSL Diritto e Scienze Sociali 3$y79$m342. 45 BARGI 2$j158818$qDDC 21$B158341$CPULBib$Z2$F158341 $H123681 $82 941 1 $a9 960 $aDiritto e religione$96 960 $aDiritto e religione$96 996 $6020$a978-88-348-8888-9$9(OLS)http://pul/number/154836 996 $6082$a342.45$9(OLS)http://pul/classification/377 996 $6245$aDiritto ecclesiastico$9(OLS)http://pul/title/5089 996 $6260$aTorino :$bGiappichelli$9(OLS)http://pul/publisher/48244